An introduction to parametric digital filters and oscillators /

Saved in:
Bibliographic Details
Main Author: Cherniakov, Mikhail
Format: Book
Language:English
Published: Chichester : Wiley, c2003.
Subjects:
Online Access:Publisher description
Table of contents
LEADER 02008cam a2200385 a 4500
001 c000389306
003 CARM
005 20120320100903.0
008 120320s2003 enka b 001 0 eng d
010 |a 2003549491 
015 |a GBA3-X7673 
019 1 |a 24735426  |5 LACONCORD2021 
020 |a 047085104X (hbk.)  |c £65.00 
035 |a (OCoLC)52055660  |5 LACONCORD2021 
040 |a StDuBDS  |b eng  |c StDuBDS  |d Uk 
042 |a lccopycat 
050 0 0 |a TK7872.F5  |b C477 2003 
082 0 4 |a 621.3815324  |2 21 
100 1 |a Cherniakov, Mikhail. 
245 1 3 |a An introduction to parametric digital filters and oscillators /  |c Mikhail Cherniakov. 
246 3 |a Parametric digital filters and oscillators 
260 |a Chichester :  |b Wiley,  |c c2003. 
300 |a xv, 245 p. :  |b ill. ;  |c 26 cm. 
504 |a Includes bibliographical references and index. 
505 0 0 |a Machine derived contents note: Preface. -- 1. Introduction: Basis of Discrete Signals and Digital Filters. -- Part One: Linear Discrete Time-Variant Systems -- 2. Main Characteristics of Time-Variant Systems. -- 3. Periodically Time-Variant Discrete Systems. -- Part Two: Parametric Systems. -- 4. Parametric Filters Analysis. -- 5. Design Studies for Parametric Filters. -- Part Three: Digital Parametric Oscillators. -- 6. Digital Parametric Oscillaotrs. -- 7. Parametric Oscillator in Steady-State Mode. -- Index. 
650 0 |a Electric filters, Digital. 
650 0 |a Oscillators, Electric. 
650 0 |a Parametric devices. 
852 8 |b CARM  |p 0578928  |f BK 
852 8 |b SCAN  |h A3:AF35F0  |i C12702  |p 0578928  |f BK 
856 4 2 |3 Publisher description  |u http://www.loc.gov/catdir/description/wiley041/2003549491.html 
856 4 1 |3 Table of contents  |u http://www.loc.gov/catdir/toc/wiley041/2003549491.html 
999 f f |i 739fcd37-6c31-5455-b4da-6cbb9cbe8587  |s a2ce5243-5598-5250-b801-58c0063aed5f 
952 f f |p Can circulate  |a CAVAL  |b CAVAL  |c CAVAL  |d CARM 1 Store  |i book  |m 0578928 
952 f f |a CAVAL  |b CAVAL  |c CAVAL  |d Unmapped Location  |e C12702  |f A3:AF35F0  |h Other scheme